American constitutional law : (Record no. 14942)
[ view plain ]
| 000 -LEADER | |
|---|---|
| fixed length control field | 00625cam a22001932 4500 |
| 001 - CONTROL NUMBER | |
| control field | 0000003449 |
| 005 - DATE AND TIME OF LATEST TRANSACTION | |
| control field | 20151217161133.0 |
| 008 - FIXED-LENGTH DATA ELEMENTS--GENERAL INFORMATION | |
| fixed length control field | 070507s xx 000 0 eng d |
| 040 ## - CATALOGING SOURCE | |
| Original cataloging agency | KABU |
| Transcribing agency | KABU |
| 050 #0 - LIBRARY OF CONGRESS CALL NUMBER | |
| Classification number | KF4549 |
| Item number | .S53 |
| 100 1# - MAIN ENTRY--PERSONAL NAME | |
| Personal name | Shanor, Charles A. |
| -- | 0000153388 |
| 245 10 - TITLE STATEMENT | |
| Title | American constitutional law : |
| Remainder of title | structure and reconstruction : cases, notes and problems. |
| 260 ## - PUBLICATION, DISTRIBUTION, ETC. (IMPRINT) | |
| Place of publication, distribution, etc. | St. Paul, Minn. : |
| Name of publisher, distributor, etc. | West Group, |
| Date of publication, distribution, etc. | 2001. |
| 300 ## - PHYSICAL DESCRIPTION | |
| Extent | ixl, 842 p. |
| 650 #0 - SUBJECT ADDED ENTRY--TOPICAL TERM | |
| Topical term or geographic name as entry element | Constitutional law |
| Geographic subdivision | United States. |
| General subdivision | Cases. |
| -- | 0000153387 |
| 908 ## - PUT COMMAND PARAMETER (RLIN) | |
| Put command parameter | 070507 |
| 950 ## - LOCAL HOLDINGS (RLIN) | |
| -- | 1 |
| Withdrawn status | Lost status | Source of classification or shelving scheme | Not for loan | Home library | Current library | Date acquired | Total Checkouts | Full call number | Barcode | Date last seen | Price effective from | Koha item type |
|---|---|---|---|---|---|---|---|---|---|---|---|---|
| Library of Congress Classification | Not For Loan | Kabarak, Main Campus | Kabarak, Main Campus | 17/12/2015 | KF4549 .S53 | 010114 | 17/12/2015 | 17/12/2015 | Reference |